000 00624nam a22001937a 4500
005 20161110122931.0
010 _aENG-116411
020 _a9789351438236
_c995.00
035 _aEN-99943
037 _bDBAD/PUB
082 _a343.54052
100 _aSuresh,TG
245 _aMaster guide to income tax :
_bincluding commentary on the finance act, 2016 /
_cby TG Suresh
250 _a3rd ed
260 _aGurgaon
_bLexis Nexis
_c2016
270 _a14th Floor, Building No.10, Tower-B, DLF Cyber City, Phase-II
_bGurgaon
_e122002
300 _aIxiii,1001p.
_c24cm(pbk)
942 _2ddc
_cEN
_mSUR
_h343.54052
999 _c104432
_d104432